European Countries by smallest population - Statistics

General Stats
  • This quiz has been taken 39 times
  • The average score is 9 of 10
Answer Stats
Population Size Answer % Correct
800 Vatican City
100%
39,150 Monaco
97%
80,120 Andorra
95%
39,315 Liechtenstein
95%
33,785 San Marino
95%
645,397 Luxembourg
90%
520,971 Malta
82%
1,331,796 Estonia
72%
396,960 Iceland
72%
617,683 Montenegro
67%
No matching quizzes found
Score Distribution
Percent of People with Each Score
Percentile by Number Answered
Your Score History
You have not taken this quiz